000 00860nam a2200241 i 4500
001 171629
003 ES-MaACL
005 20250927063039.0
007 t|
008 090522s1983 fr ||||1| fre d
020 _a2-501-00474-4
080 _a272(46)
100 1 _aBennassar, Bartolomé,
_d1929-
_927727
245 1 2 _aL'Inquisition espagnole
_b: XVe-XIXe siècle /
_cBartolomé Bennassar ; avec la collaboration de Catherine Brault-Noble ... [et al.].
260 _a[Paris] :
_bMarabout,
_c[1983]
300 _a382, [2] p. ;
_c18 cm.
490 1 _aMarabout université ;
_v396
650 4 _aInquisición-
_zEspaña.
_913798
700 1 _aBrault-Noble, Catherine.
_9140297
830 0 _aMarabout université ;
_v396
_9185199
852 4 _aES-MaACL
_jE-12661
_9R.190333
_z. -- Biblioteca Jacinto Martínez Lacalle
999 _c171629
_d171629